Colloquial Chinese : a complete language course /

Wedi'i Gadw mewn:
Manylion Llyfryddiaeth
Prif Awdur: Kan Qian, 1960-
Fformat: Llyfr
Iaith:English
Cyhoeddwyd: London ; New York : Routledge, 1994.
Pynciau:
Tagiau: Ychwanegu Tag
Dim Tagiau, Byddwch y cyntaf i dagio'r cofnod hwn!
Thư viện lưu trữ: Mạng thư viện Đại học Đà Nẵng
LEADER 00913cam a2200325 i 4500
001 000048148
003 7853
005 20030903092207.0
008 020417b1994 vm 000 eng
020 |a 0415113881 
040 |a IRC  |c IRC  |d IRC 
041 0 |a eng 
082 1 4 |a 495.183421  |b KA-Q 
100 1 |a Kan Qian,  |d 1960- 
245 0 0 |a Colloquial Chinese :  |b a complete language course /  |c Kan Qian. 
260 |a London ; New York :  |b Routledge,  |c 1994. 
300 |a x, 345p. +  |e 2 sound cassettes (120 min.) :  |b ill. 
650 0 4 |a Chinese language  |x Conversation and phrase books. 
650 0 4 |a Chinese language  |x Grammar. 
650 0 4 |a Chinese language  |x Spoken Chinese. 
OWN |a DUT 
999 |a From the UDN01 
TYP |a Monograph 
TYP |a Printed language 
980 |a Mạng thư viện Đại học Đà Nẵng